| 000 | 00383nam a22001697a 4500 | ||
|---|---|---|---|
| 003 | NUST - PNEC | ||
| 005 | 20170116181152.0 | ||
| 008 | 151205b xxu||||| |||| 00| 0 eng d | ||
| 020 | _a- | ||
| 040 | _cLIBRARY | ||
| 082 | _a941 SHE | ||
| 100 |
_915571 _aSheppard, E.W. |
||
| 245 |
_aWar _cE.W. Sheppard |
||
| 260 | _cc.1967 | ||
| 650 |
_915572 _aWar _xHistory |
||
| 942 |
_2ddc _cBK |
||
| 999 |
_c71024 _d71024 |
||